El Embajador de los Estados Unidos
Descripción Física:
Il·lustracions
Colección:
San Jorge,
; núm. 11 (juliol 1953), pàg 92
Materias:
Dunn, James C. -- (James Clement), -- 1890-1979
; Visites oficials -- Barcelona (Catalunya)
Idioma:
Español
MARC
| LEADER | 00000naa a2200000 a 4500 | ||
|---|---|---|---|
| 003 | Arxiu | ||
| 005 | 20260324181027.0 | ||
| 008 | 160829s1953 spcaxx s spa c | ||
| 040 | |a agdb | ||
| 245 | 0 | 3 | |a El Embajador de los Estados Unidos |
| 300 | |b Il·lustracions | ||
| 490 | |a San Jorge, |v núm. 11 (juliol 1953), pàg 92 | ||
| 600 | 1 | 0 | |9 54792 |a Dunn, James C. |q (James Clement), |d 1890-1979 |
| 650 | 0 | |a Visites oficials |9 31008 |z Barcelona (Catalunya) | |
| 773 | |g núm. 11 (juliol 1953), pàg 92 |t San Jorge. | ||
| 901 | |a Arxiu | ||
| 942 | |n 1 |2 udc |c ART | ||
| 952 | |0 0 |1 0 |4 0 |6 REV508 |7 1 |9 64431 |a Arxiu |b Arxiu |d 2022-11-28 |o Rev-508 |r 2022-11-28 00:00:00 |w 2022-11-28 |y ARXIU |z També disponible a Rev-522 | ||
| 999 | |c 44095 |d 44095 | ||